| 000 | 00412nam a22001217a 4500 | ||
|---|---|---|---|
| 082 | _a220 PRO | ||
| 100 |
_aMAAZ ANWAR MOHAMMAD MUJTABA MUHAMMAD AMIN _970605 |
||
| 245 | _aPR-SOF-1820-DESIGN AND FABRICATION OF A PORTABLE MOBILITY SCOOTER | ||
| 260 |
_aISLAMABAD _bNUST COLLEGE OF EME _c2019 |
||
| 650 |
_aDE-MECH-37 _970562 |
||
| 700 |
_aSUPERVISORS Dr. NAVEED AKMAL DIN Dr. SAJID ULLAH BUTT _970606 |
||
| 942 | _cCR | ||
| 999 |
_c577563 _d577563 |
||